000 00605nam a2200217Ia 4500
008 101110s9999 xx 000 0 und d
041 _aENGLISH
082 _bSR24759
100 _aWelling M.N. Saraph P.M., Diwanji S.M. & others
245 _aComputer systems and applications (TYBCom)
260 _c2003
_bManan Prakashan. Mumbai
300 _a526
365 _b170
520 _aComputer
546 _aENGLISH
630 _aComputer systems and applications (TYBCom)
650 _aComputer
655 _aComputer
730 _aComputer systems and applications (TYBCom)
942 _cBOOK
999 _c817426
_d817423